[Event "CAN-ch U20 2001"]
[Site "Montreal CAN"]
[Date "2001.01.04"]
[Round "3"]
[White "Xu, Sheng Jun"]
[Black "Beaudry, Lukas"]
[Result "1-0"]
[WhiteElo "2085"]
[BlackElo "1945"]
[PlyCount "67"]
[GameId "2160767911627173"]
[EventDate "2001.01.03"]
[EventType "swiss"]
[EventRounds "9"]
[EventCountry "CAN"]

1. e4 c5 2. Nf3 d6 3. d4 cxd4 4. Nxd4 Nf6 5. Nc3 a6 6. Be3 Ng4 7. Bg5 h6 8. Bh4 g5 9. Bg3 Bg7 10. Qd2 Nc6 11. Nb3 b5 12. O-O-O Nge5 13. f3 Nc4 14. Qd5 Nb4 15. Qxa8 Nb6 16. Bxb5+ axb5 17. Qa5 Nc6 18. Qxb5 Bd7 19. Bf2 Nd4 20. Qb4 Nxb3+ 21. cxb3 Nc8 22. Bd4 e5 23. Be3 f5 24. Nd5 O-O 25. Kb1 Rf7 26. a4 Bc6 27. Qc4 Ba8 28. Rc1 Ne7 29. Nxe7+ Qxe7 30. Rhd1 Kh7 31. b4 Qf6 32. Qc8 Bxe4+ 33. fxe4 fxe4 34. Qc6 1-0

[Event "CAN-ch U20 2001"]
[Site "Montreal CAN"]
[Date "2001.01.04"]
[Round "4"]
[White "Candow, John"]
[Black "Charbonneau, Anne-Marie"]
[Result "0-1"]
[WhiteElo "1422"]
[BlackElo "1837"]
[PlyCount "54"]
[GameId "2160767911627174"]
[EventDate "2001.01.03"]
[EventType "swiss"]
[EventRounds "9"]
[EventCountry "CAN"]

1. d4 Nf6 2. c4 e6 3. Nc3 d5 4. Nf3 Be7 5. Bf4 O-O 6. e3 b6 7. Qc2 c5 8. dxc5 bxc5 9. O-O-O Qa5 10. cxd5 Nxd5 11. Nxd5 exd5 12. Rxd5 Qxa2 13. Rh5 g6 14. Re5 Nc6 15. Re4 Bf5 16. Ra4 Qe6 17. Qc4 Qd7 18. Be2 Nb4 19. Ra3 Qb7 20. Bh6 Bf6 21. Rb3 Rfd8 22. Nd2 a6 23. Bf3 Qd7 24. Ne4 Bxe4 25. Qxe4 Qd2+ 26. Kb1 c4 27. Rd1 Qxd1+ 0-1

[Event "CAN-ch U20 2001"]
[Site "Montreal CAN"]
[Date "2001.01.04"]
[Round "4"]
[White "Davies, Noam"]
[Black "Hebert Losier, Francis"]
[Result "1/2-1/2"]
[WhiteElo "1537"]
[BlackElo "1526"]
[PlyCount "85"]
[GameId "2160767911627176"]
[EventDate "2001.01.03"]
[EventType "swiss"]
[EventRounds "9"]
[EventCountry "CAN"]

1. e4 e5 2. Nf3 Nc6 3. Bc4 Nf6 4. Ng5 d5 5. exd5 Nxd5 6. Qf3 Qxg5 7. Bxd5 Qg6 8. Bxc6+ Qxc6 9. Qxc6+ bxc6 10. O-O Bd6 11. Re1 O-O 12. Nc3 Bf5 13. d3 Rab8 14. Rb1 Rfe8 15. Be3 a6 16. Na4 Be6 17. b3 Bb4 18. c3 Bd6 19. Nc5 Bxc5 20. Bxc5 f6 21. Re3 Bf5 22. Rbe1 Kf7 23. d4 exd4 24. Re7+ Rxe7 25. Rxe7+ Kg6 26. Bxd4 Rb7 27. f3 h5 28. Kf2 Bb1 29. Re2 Kf7 30. Bc5 Rb5 31. Bb4 c5 32. a4 Rb6 33. Bxc5 Rxb3 34. Bb4 c5 35. Bxc5 Rxc3 36. Bb6 Bd3 37. Rd2 Rc2 38. Rxc2 Bxc2 39. a5 Ke6 40. Ke3 g5 41. h4 Kf5 42. Bc7 Bb3 43. Bd6 1/2-1/2

[Event "CAN-ch U20 2001"]
[Site "Montreal CAN"]
[Date "2001.01.04"]
[Round "4"]
[White "Gabriel, Jarrett"]
[Black "Ramaswamy, Kishor"]
[Result "0-1"]
[WhiteElo "1587"]
[BlackElo "1900"]
[PlyCount "94"]
[GameId "2160767911627177"]
[EventDate "2001.01.03"]
[EventType "swiss"]
[EventRounds "9"]
[EventCountry "CAN"]

1. c4 c6 2. d4 d5 3. e3 Nf6 4. Nc3 e6 5. Bd3 dxc4 6. Bxc4 Be7 7. Nge2 Nbd7 8. O-O O-O 9. Qb3 b6 10. Nf4 Bd6 11. Bxe6 Bxf4 12. Bxd7 Bxh2+ 13. Kxh2 Qxd7 14. Rd1 Qf5 15. f3 Bb7 16. e4 Qh5+ 17. Kg1 Rfe8 18. e5 Nd7 19. Ne4 Re6 20. Nd6 Rb8 21. Be3 Ba6 22. Qa4 Be2 23. Rd2 Bxf3 24. Rf1 Rg6 25. Rdf2 Qh3 26. Qc2 Bxg2 27. Rxg2 Qxe3+ 28. Qf2 Qxf2+ 29. Rfxf2 Rxg2+ 30. Kxg2 Rf8 31. Nf5 c5 32. Ne7+ Kh8 33. e6 fxe6 34. Rxf8+ Nxf8 35. dxc5 bxc5 36. Nc6 a6 37. Ne5 g5 38. Nf7+ Kg7 39. Nxg5 Kg6 40. Ne4 Nd7 41. Nd6 Kf6 42. Kf3 Ke5 43. Nc4+ Kd4 44. b3 Ne5+ 45. Nxe5 Kxe5 46. Ke3 h5 47. Kf3 Kd4 0-1

[Event "CAN-ch U20 2001"]
[Site "Montreal CAN"]
[Date "2001.01.04"]
[Round "4"]
[White "Godin, Robert"]
[Black "Deveau, Justin"]
[Result "0-1"]
[WhiteElo "1361"]
[BlackElo "1534"]
[PlyCount "82"]
[GameId "2160767911627178"]
[EventDate "2001.01.03"]
[EventType "swiss"]
[EventRounds "9"]
[EventCountry "CAN"]

1. e4 e5 2. Nf3 Nc6 3. Bb5 a6 4. Ba4 Nf6 5. O-O d6 6. d4 b5 7. Bb3 Bg4 8. Qd3 Bxf3 9. Qxf3 Nxd4 10. Qd3 Be7 11. Be3 Nxb3 12. Qxb3 Nxe4 13. Qd5 Nf6 14. Qc6+ Nd7 15. Nc3 O-O 16. Nd5 Nf6 17. Nxc7 Rc8 18. Bb6 Ne8 19. Nxe8 Rxc6 20. Bxd8 Bxd8 21. Nxd6 Rxd6 22. f4 Bb6+ 23. Kh1 exf4 24. Rxf4 Rfd8 25. Rff1 Rd2 26. Rac1 h6 27. h3 Re8 28. Rfe1 Rxe1+ 29. Rxe1 Rxc2 30. Re8+ Kh7 31. Re7 Rxb2 32. Rxf7 Rxa2 33. Rb7 Be3 34. Rf7 Rf2 35. Rb7 Rf1+ 36. Kh2 Bf4+ 37. g3 Rf2+ 38. Kg1 Bxg3 39. Rb6 Ra2 40. Rb7 Rb2 41. Ra7 Bf2+ 0-1

[Event "CAN-ch U20 2001"]
[Site "Montreal CAN"]
[Date "2001.01.04"]
[Round "4"]
[White "Haynes, Nicolas"]
[Black "Stevens, Christian"]
[Result "0-1"]
[WhiteElo "1999"]
[BlackElo "2063"]
[PlyCount "52"]
[GameId "2160767911627179"]
[EventDate "2001.01.03"]
[EventType "swiss"]
[EventRounds "9"]
[EventCountry "CAN"]

1. d4 Nf6 2. Bg5 e6 3. e4 h6 4. Bxf6 Qxf6 5. Nf3 d5 6. Nbd2 Qd8 7. c3 dxe4 8. Nxe4 Nd7 9. Bd3 Be7 10. b4 Nf6 11. Nxf6+ Bxf6 12. Qe2 O-O 13. O-O a5 14. b5 g6 15. Ne5 Bxe5 16. dxe5 Bd7 17. a4 c6 18. c4 cxb5 19. cxb5 Rc8 20. Rfd1 Rc5 21. Qe3 Rd5 22. Qxh6 Bxb5 23. Bc2 Bc6 24. Re1 Rd4 25. f4 Rd2 26. Be4 Qd4+ 0-1

[Event "CAN-ch U20 2001"]
[Site "Montreal CAN"]
[Date "2001.01.04"]
[Round "4"]
[White "Henson, Joshua"]
[Black "Xu, Sheng Jun"]
[Result "1/2-1/2"]
[WhiteElo "2136"]
[BlackElo "2085"]
[PlyCount "37"]
[GameId "2160767911627180"]
[EventDate "2001.01.03"]
[EventType "swiss"]
[EventRounds "9"]
[EventCountry "CAN"]

1. e4 e6 2. d4 d5 3. e5 c5 4. c3 Nc6 5. Be3 cxd4 6. cxd4 Qb6 7. Qd2 Nh6 8. Nc3 Nf5 9. Bd3 Nxe3 10. fxe3 Be7 11. Nge2 f6 12. exf6 Bxf6 13. O-O O-O 14. Qc2 h6 15. Bh7+ Kh8 16. Nf4 Ne7 17. Kh1 Bd7 18. Bd3 Bg5 19. Nce2 1/2-1/2

[Event "CAN-ch U20 2001"]
[Site "Montreal CAN"]
[Date "2001.01.04"]
[Round "4"]
[White "Hua, Lefong"]
[Black "Bluvshtein, Mark"]
[Result "1/2-1/2"]
[WhiteElo "2400"]
[BlackElo "2268"]
[PlyCount "43"]
[GameId "2160767911627181"]
[EventDate "2001.01.03"]
[EventType "swiss"]
[EventRounds "9"]
[EventCountry "CAN"]

1. c4 Nf6 2. Nc3 e6 3. e4 c5 4. e5 Ng8 5. Nf3 Nc6 6. d4 cxd4 7. Nxd4 Nxe5 8. Bf4 d6 9. Qd2 a6 10. Rd1 Be7 11. Nb3 Ng6 12. Bxd6 Bxd6 13. Qxd6 Qxd6 14. Rxd6 Ke7 15. Rd1 Bd7 16. f3 Nf6 17. Kf2 Bc6 18. Na5 Rac8 19. Bd3 Rhd8 20. Rhe1 Rc7 21. Bxg6 Rxd1 22. Nxd1 1/2-1/2

[Event "CAN-ch U20 2001"]
[Site "Montreal CAN"]
[Date "2001.01.04"]
[Round "4"]
[White "Johnson, Kyle"]
[Black "Egorov, Mikhail"]
[Result "1/2-1/2"]
[WhiteElo "1791"]
[BlackElo "1996"]
[PlyCount "123"]
[GameId "2160767911627182"]
[EventDate "2001.01.03"]
[EventType "swiss"]
[EventRounds "9"]
[EventCountry "CAN"]

1. d4 d5 2. Nf3 Nf6 3. Bf4 c5 4. c3 Nc6 5. e3 Bf5 6. Nbd2 e6 7. Be2 Bd6 8. Ne5 h6 9. h3 O-O 10. Ndf3 Qc7 11. O-O Nd7 12. Nxd7 Qxd7 13. Bxd6 Qxd6 14. dxc5 Qxc5 15. Qb3 Rab8 16. Rfd1 b5 17. Rac1 Bh7 18. Nd4 a6 19. Nxc6 Qxc6 20. a3 Rfc8 21. Qb4 Qc7 22. Qd4 a5 23. Qd2 Qb7 24. Bf3 Bg6 25. Qe1 Rc5 26. Rd2 Rbc8 27. Rdd1 Qc6 28. Ra1 Rc7 29. Be2 Bc2 30. Rdc1 Bb3 31. Bd3 g6 32. Rcb1 Rd7 33. Rc1 Qb7 34. Qe2 Bc4 35. Bxc4 dxc4 36. Rd1 Rcd5 37. Rd4 e5 38. Rxd5 Qxd5 39. Kf1 e4 40. Ke1 Kg7 41. Rd1 Qxd1+ 42. Qxd1 Rxd1+ 43. Kxd1 f5 44. Ke2 Kf6 45. h4 Ke6 46. g3 Kd5 47. Kd2 Kc5 48. Kc2 b4 49. a4 b3+ 50. Kd2 Kd5 51. Ke2 Ke5 52. Kd2 h5 53. Ke2 Kf6 54. Kf1 g5 55. Kg2 Kg6 56. Kh3 f4 57. Kg2 fxe3 58. fxe3 Kf6 59. Kh3 Kf5 60. hxg5 Kxg5 61. Kh2 h4 62. Kh3 1/2-1/2

[Event "CAN-ch U20 2001"]
[Site "Montreal CAN"]
[Date "2001.01.04"]
[Round "4"]
[White "Kapadia, Ronak"]
[Black "Wang, Hao Yuan"]
[Result "1/2-1/2"]
[WhiteElo "2073"]
[BlackElo "2129"]
[PlyCount "64"]
[GameId "2160767911627183"]
[EventDate "2001.01.03"]
[EventType "swiss"]
[EventRounds "9"]
[EventCountry "CAN"]

1. e4 c5 2. Nf3 d6 3. d4 cxd4 4. Nxd4 Nf6 5. Nc3 a6 6. Bg5 e6 7. Qd2 Be7 8. O-O-O O-O 9. f4 Qc7 10. Bd3 h6 11. h4 Nc6 12. Nb3 b5 13. Bxf6 Bxf6 14. g4 g6 15. g5 Bxc3 16. bxc3 h5 17. f5 Ne5 18. fxg6 fxg6 19. Rdf1 Bb7 20. Nd4 Qe7 21. Qe2 Rac8 22. Kb2 Kg7 23. Rhg1 Rb8 24. Kc1 Rbd8 25. c4 b4 26. Qe3 Bc8 27. Ne2 Qc7 28. Rf6 Qe7 29. Rff1 Bd7 30. Qd4 Kh7 31. Nf4 Rc8 32. Be2 Be8 1/2-1/2

[Event "CAN-ch U20 2001"]
[Site "Montreal CAN"]
[Date "2001.01.04"]
[Round "4"]
[White "Ng, Gary"]
[Black "Beaudry, Lukas"]
[Result "1-0"]
[WhiteElo "1703"]
[BlackElo "1945"]
[PlyCount "95"]
[GameId "2160767911627184"]
[EventDate "2001.01.03"]
[EventType "swiss"]
[EventRounds "9"]
[EventCountry "CAN"]

1. b3 d5 2. Bb2 e5 3. Bxe5 Nc6 4. Bb2 Nf6 5. f4 Bd6 6. e3 O-O 7. Nf3 Re8 8. Be2 Bf5 9. O-O Qd7 10. a3 Ne4 11. Nc3 Bc5 12. Na4 Bd6 13. Nh4 f6 14. b4 Bf8 15. d3 Nd6 16. Nc5 Qe7 17. Rf3 Bc8 18. Qe1 g5 19. fxg5 d4 20. gxf6 Qf7 21. Qg3+ Kh8 22. e4 Bh6 23. Kh1 Rg8 24. Qe1 Bg5 25. Bc1 Bxf6 26. Qf1 Ne8 27. Nf5 b6 28. Nh6 Qe7 29. Nxg8 Kxg8 30. Nb3 Ne5 31. Rf2 Bg4 32. Bf4 Bxe2 33. Qxe2 Ng6 34. g3 Ng7 35. Raf1 Ne6 36. Bxc7 Bg5 37. Rf7 Qxf7 38. Rxf7 Kxf7 39. Qh5 h6 40. Bf4 Rc8 41. Bxg5 hxg5 42. Qf3+ Ke7 43. Qf5 Rg8 44. e5 Ngf8 45. Nd2 Nd7 46. Nf3 Rf8 47. Qg4 Rg8 48. Nxd4 1-0

[Event "CAN-ch U20 2001"]
[Site "Montreal CAN"]
[Date "2001.01.04"]
[Round "4"]
[White "Predescu, Sebastian"]
[Black "Mogilevsky, Olga"]
[Result "1/2-1/2"]
[WhiteElo "2042"]
[BlackElo "1768"]
[PlyCount "45"]
[GameId "2160767911627185"]
[EventDate "2001.01.03"]
[EventType "swiss"]
[EventRounds "9"]
[EventCountry "CAN"]

1. e4 e5 2. Nf3 Nc6 3. d4 exd4 4. Nxd4 Nf6 5. Nc3 Bb4 6. Nxc6 bxc6 7. Bd3 h6 8. O-O O-O 9. f4 d5 10. e5 Ng4 11. Na4 Qe7 12. Qf3 f6 13. exf6 Nxf6 14. a3 Bd6 15. Bd2 Bg4 16. Qf2 Nd7 17. Rae1 Qf7 18. h3 Bf5 19. Kh1 Qg6 20. Bxf5 Qxf5 21. Be3 Rfe8 22. Rd1 Qe4 23. Bd4 1/2-1/2

[Event "CAN-ch U20 2001"]
[Site "Montreal CAN"]
[Date "2001.01.04"]
[Round "4"]
[White "Raheb, David"]
[Black "Gurevich, Artjom"]
[Result "1/2-1/2"]
[WhiteElo "2170"]
[BlackElo "2312"]
[PlyCount "95"]
[GameId "2160767911627186"]
[EventDate "2001.01.03"]
[EventType "swiss"]
[EventRounds "9"]
[EventCountry "CAN"]

1. d4 Nf6 2. c4 e6 3. Nc3 Bb4 4. Qc2 c5 5. dxc5 Bxc5 6. Nf3 Qb6 7. e3 Qc7 8. Bd3 a6 9. O-O b6 10. a3 Bb7 11. e4 Be7 12. e5 Ng4 13. Qe2 Nc6 14. Bf4 f5 15. h3 Nh6 16. b4 Na7 17. Rac1 Qd8 18. Nd4 Nf7 19. Rfd1 Qb8 20. Bxf5 Nc6 21. Be4 Nxd4 22. Rxd4 a5 23. Rcd1 Bxe4 24. Qxe4 axb4 25. axb4 Bxb4 26. Nb5 O-O 27. Rxd7 Bc5 28. Nc7 Ra2 29. Nxe6 Bxf2+ 30. Kh2 Qa8 31. Rxf7 Kxf7 32. Qf5+ Kg8 33. Qxf8+ Qxf8 34. Nxf8 Kxf8 35. Rd7 Re2 36. Rb7 Re4 37. Bg3 Bc5 38. Rb8+ Kf7 39. Rb7+ Kg6 40. Rd7 h5 41. e6 Rxe6 42. Rd5 Re4 43. Bc7 Kf7 44. Rxh5 Rxc4 45. Rd5 b5 46. Bd6 Bxd6+ 47. Rxd6 Ke7 48. Rg6 1/2-1/2

[Event "CAN-ch U20 2001"]
[Site "Montreal CAN"]
[Date "2001.01.04"]
[Round "4"]
[White "Ramaswamy, Kiran"]
[Black "Rolfe, Warrick"]
[Result "1/2-1/2"]
[WhiteElo "1860"]
[BlackElo "2159"]
[PlyCount "54"]
[GameId "2160767911627187"]
[EventDate "2001.01.03"]
[EventType "swiss"]
[EventRounds "9"]
[EventCountry "CAN"]

1. c4 Nf6 2. g3 g6 3. Bg2 Bg7 4. Nc3 O-O 5. b3 d6 6. Bb2 e5 7. e4 Nc6 8. Nge2 Ne7 9. O-O c6 10. d4 Ng4 11. d5 c5 12. h3 Nh6 13. Rb1 f5 14. exf5 gxf5 15. Kh2 f4 16. Qd3 Ng6 17. Ne4 Bf5 18. N2c3 a6 19. g4 Bxg4 20. hxg4 f3 21. Bxf3 Qh4+ 22. Kg1 Rf4 23. Ne2 Raf8 24. Nxf4 Nxf4 25. Qd1 Nh3+ 26. Kg2 Nf4+ 27. Kg1 Nh3+ 1/2-1/2

[Event "CAN-ch U20 2001"]
[Site "Montreal CAN"]
[Date "2001.01.04"]
[Round "4"]
[White "Robichaud, Martin"]
[Black "Gottlieb, Jonathan"]
[Result "0-1"]
[WhiteElo "1974"]
[BlackElo "2118"]
[PlyCount "66"]
[GameId "2160767911627188"]
[EventDate "2001.01.03"]
[EventType "swiss"]
[EventRounds "9"]
[EventCountry "CAN"]

1. d4 d5 2. c4 e6 3. Nc3 c5 4. cxd5 exd5 5. Nf3 Nc6 6. e3 Nf6 7. Bd3 c4 8. Bb1 Bg4 9. Ne2 Bd6 10. h3 Bh5 11. Bd2 b5 12. O-O Qd7 13. Nh4 Bg6 14. f4 Bxb1 15. Qxb1 Ne4 16. Be1 Nb4 17. a3 Nd3 18. Nc1 Nxe1 19. Rxe1 g5 20. Nf3 g4 21. hxg4 Qxg4 22. Qc2 Rg8 23. Ne5 Bxe5 24. dxe5 Qh4 25. Nd3 cxd3 26. Qc6+ Ke7 27. Qb7+ Ke6 28. f5+ Kxe5 29. Qc7+ Kf6 30. Qc6+ Kg5 31. Qxd5 Kh6 32. Rf1 Rxg2+ 33. Kxg2 Rg8+ 0-1

[Event "CAN-ch U20 2001"]
[Site "Montreal CAN"]
[Date "2001.01.04"]
[Round "4"]
[White "Tessier, Olivier"]
[Black "Bachand-Fleurent, Julien"]
[Result "1/2-1/2"]
[WhiteElo "2117"]
[BlackElo "2009"]
[PlyCount "123"]
[GameId "2160767911627189"]
[EventDate "2001.01.03"]
[EventType "swiss"]
[EventRounds "9"]
[EventCountry "CAN"]

1. Nf3 d5 2. c4 c6 3. b3 Nf6 4. g3 g6 5. Bg2 Bg7 6. Bb2 O-O 7. O-O b6 8. d3 Bb7 9. Nbd2 c5 10. cxd5 Nxd5 11. Bxg7 Kxg7 12. Ne4 Nc6 13. Qd2 Qd7 14. h4 e5 15. h5 Qe7 16. Nh4 Nd4 17. e3 Nf5 18. Nxf5+ gxf5 19. Nc3 Rad8 20. Rad1 Qg5 21. Qb2 f6 22. Nxd5 Bxd5 23. d4 cxd4 24. exd4 e4 25. Qe2 Bf7 26. g4 Qxg4 27. Qxg4+ fxg4 28. Bxe4 Bxh5 29. Kg2 f5 30. Bc6 Rd6 31. d5 Be8 32. Rc1 Bxc6 33. dxc6 Rc8 34. Rfd1 Rdxc6 35. Rd7+ Kg6 36. Rxc6+ Rxc6 37. Rxa7 h6 38. a4 Kf6 39. b4 Ke5 40. b5 Rf6 41. Kg3 Rd6 42. Ra6 Rd3+ 43. Kg2 Ra3 44. Rxb6 Rxa4 45. Rxh6 Rb4 46. b6 Kf4 47. Rc6 Rb2 48. Rc4+ Kg5 49. Rc6 f4 50. Kg1 Rb1+ 51. Kh2 Kf5 52. Rh6 Ke4 53. Kg2 Rb2 54. Rh8 Rxb6 55. Re8+ Kf5 56. Rf8+ Rf6 57. Ra8 Kg5 58. Rg8+ Kh5 59. Rh8+ Kg5 60. Rg8+ Kh4 61. f3 gxf3+ 62. Kxf3 1/2-1/2

[Event "CAN-ch U20 2001"]
[Site "Montreal CAN"]
[Date "2001.01.04"]
[Round "4"]
[White "Vaingorten, Yaaqov"]
[Black "Mitrovic, Bojana"]
[Result "1-0"]
[WhiteElo "2292"]
[BlackElo "2118"]
[PlyCount "39"]
[GameId "2160767911627190"]
[EventDate "2001.01.03"]
[EventType "swiss"]
[EventRounds "9"]
[EventCountry "CAN"]

1. Nf3 g6 2. c4 Bg7 3. d4 c5 4. Nc3 d6 5. e3 Nf6 6. Be2 O-O 7. O-O cxd4 8. exd4 d5 9. Ne5 Nc6 10. Bf4 Be6 11. Bf3 Rc8 12. c5 Nxe5 13. Bxe5 Qd7 14. Re1 Rfd8 15. Rc1 Bh6 16. Rc2 Ng4 17. Bg3 f5 18. Rce2 Rc6 19. Rxe6 Rxe6 20. Bxd5 1-0

[Event "CAN-ch U20 2001"]
[Site "Montreal CAN"]
[Date "2001.01.04"]
[Round "4"]
[White "Voloaca, Mihnea"]
[Black "Masse, Hugues"]
[Result "0-1"]
[WhiteElo "2237"]
[BlackElo "2085"]
[PlyCount "156"]
[GameId "2160767911627191"]
[EventDate "2001.01.03"]
[EventType "swiss"]
[EventRounds "9"]
[EventCountry "CAN"]

1. Nf3 Nf6 2. c4 g6 3. Nc3 c5 4. e4 Nc6 5. d4 cxd4 6. Nxd4 Bg7 7. Be3 Ng4 8. Qxg4 Nxd4 9. Qd1 Ne6 10. Qd2 d6 11. Be2 Bd7 12. h4 h5 13. Rc1 Bc6 14. b4 b6 15. g4 hxg4 16. Bxg4 Bf6 17. h5 gxh5 18. Bxh5 Ng7 19. Bf3 Rxh1+ 20. Bxh1 Qd7 21. Bf3 Rc8 22. Ke2 e6 23. Bg5 Be5 24. Rg1 f5 25. Bh6 Bxe4 26. Nxe4 fxe4 27. Bxe4 Rxc4 28. Bd3 Rc7 29. Qg5 Qe7 30. Qg6+ Qf7 31. Qg2 Kd8 32. Bg5+ Bf6 33. Qa8+ Ke7 34. Rc1 Qh5+ 35. Qf3 Qxf3+ 36. Kxf3 Rxc1 37. Bxc1 Bc3 38. Bg5+ Kd7 39. b5 Ne8 40. a4 Bd4 41. Ke2 d5 42. f3 Kd6 43. Bh6 Bf6 44. Bf4+ Be5 45. Bh6 Nf6 46. Bf8+ Kc7 47. Bg6 Nd7 48. Ba3 Bd6 49. Bc1 Nc5 50. Bc2 Nb7 51. Bd2 Kd7 52. Be1 Bc7 53. Bb4 Nd8 54. Bg6 Bd6 55. Be1 e5 56. Bf5+ Ne6 57. Bf2 Ke7 58. Be3 Bc5 59. Bxe6 Kxe6 60. Bg5 Bd6 61. Kd3 Bc7 62. Bc1 Kf5 63. Bd2 Bd8 64. Be3 Bg5 65. Bf2 e4+ 66. fxe4+ dxe4+ 67. Kd4 Be7 68. Kd5 Bc5 69. Be1 e3 70. Kc6 Ba3 71. Kb7 Bc1 72. a5 Bd2 73. a6 Bxe1 74. Kxa7 Bf2 75. Kxb6 e2+ 76. Kb7 e1=Q 77. a7 Qe7+ 78. Ka8 Qxa7# 0-1

[Event "CAN-ch U20 2001"]
[Site "Montreal CAN"]
[Date "2001.01.04"]
[Round "4"]
[White "Wilson, Jonathan"]
[Black "Sadoway, Steven"]
[Result "1/2-1/2"]
[WhiteElo "1842"]
[BlackElo "2019"]
[PlyCount "117"]
[GameId "2160767911627192"]
[EventDate "2001.01.03"]
[EventType "swiss"]
[EventRounds "9"]
[EventCountry "CAN"]

1. e4 c6 2. d4 d5 3. Nd2 dxe4 4. Nxe4 Bf5 5. Ng3 Bg6 6. h4 h6 7. Nf3 Nd7 8. h5 Bh7 9. Bf4 Ngf6 10. c4 e6 11. Bd3 Bxd3 12. Qxd3 Be7 13. O-O O-O 14. Rfe1 Nb6 15. Rad1 c5 16. b3 Rc8 17. Kf1 a6 18. dxc5 Bxc5 19. Bd6 Bxd6 20. Qxd6 Qc7 21. Qxc7 Rxc7 22. Ne5 Rfc8 23. Rd6 Nbd7 24. Nxd7 Rxd7 25. Red1 Rxd6 26. Rxd6 Kf8 27. Ke2 Ke7 28. Rd4 Rc5 29. Rh4 Ra5 30. a4 b5 31. cxb5 axb5 32. Kd3 Nd5 33. Kc2 f5 34. Ne2 e5 35. Nc3 Nxc3 36. Kxc3 bxa4 37. bxa4 e4 38. Kb4 Rd5 39. Rf4 Kd6 40. g4 fxg4 41. Rxe4 Rxh5 42. Rxg4 g5 43. Kb5 Rh4 44. f3 Rh1 45. a5 Rf1 46. Ra4 Rxf3 47. a6 Rf8 48. a7 Ra8 49. Kb6 Ke5 50. Kb7 Rxa7+ 51. Rxa7 h5 52. Kc6 h4 53. Re7+ Kf4 54. Kd5 h3 55. Rf7+ Ke3 56. Rg7 Kf4 57. Rf7+ Kg3 58. Ke4 g4 59. Kf5 1/2-1/2

[Event "CAN-ch U20 2001"]
[Site "Montreal CAN"]
[Date "2001.01.04"]
[Round "4"]
[White "Xia, Yanchong"]
[Black "Moskvitch, Andrei"]
[Result "0-1"]
[WhiteElo "1811"]
[BlackElo "2201"]
[PlyCount "44"]
[GameId "2160767911627193"]
[EventDate "2001.01.03"]
[EventType "swiss"]
[EventRounds "9"]
[EventCountry "CAN"]

1. e4 c5 2. Nf3 d6 3. d4 cxd4 4. Nxd4 Nf6 5. Nc3 e6 6. Bg5 h6 7. Bh4 a6 8. f4 Be7 9. Qf3 Qc7 10. O-O-O Nbd7 11. Qg3 b5 12. Bxb5 axb5 13. Ndxb5 Qb8 14. Qxg7 Rg8 15. Qxh6 Bf8 16. Nxd6+ Qxd6 17. Qxf6 Nxf6 18. Rxd6 Bxd6 19. e5 Bb4 20. Bxf6 Bxc3 21. bxc3 Rxg2 22. h4 Rxa2 0-1

[Event "CAN-ch U20 2001"]
[Site "Montreal CAN"]
[Date "2001.01.05"]
[Round "5"]
[White "Bachand-Fleurent, Julien"]
[Black "Voloaca, Mihnea"]
[Result "1/2-1/2"]
[WhiteElo "2009"]
[BlackElo "2237"]
[PlyCount "86"]
[GameId "2160767911627194"]
[EventDate "2001.01.03"]
[EventType "swiss"]
[EventRounds "9"]
[EventCountry "CAN"]

1. e4 c5 2. Nc3 e6 3. g3 d5 4. exd5 exd5 5. d4 Nf6 6. Bg5 cxd4 7. Bxf6 Qxf6 8. Nxd5 Qe6+ 9. Qe2 Bd6 10. O-O-O Nc6 11. Bg2 O-O 12. Qd2 Re8 13. Kb1 Bd7 14. Nh3 Qe2 15. Nhf4 Qb5 16. Qd3 Qa5 17. a3 Bg4 18. Rc1 Qa4 19. h3 Ne5 20. Qb3 Qxb3 21. cxb3 Bf5+ 22. Ka2 Nc6 23. Rcd1 Rad8 24. Rd2 Kf8 25. Ne2 a5 26. Nxd4 Nxd4 27. Rxd4 Re2 28. Ne3 Be6 29. Rhd1 Ke7 30. R1d2 Rxd2 31. Rxd2 b5 32. Nd5+ Ke8 33. Nc3 b4 34. Nb5 Bb8 35. Rxd8+ Kxd8 36. Nd4 Bd7 37. Nc6+ Bxc6 38. Bxc6 Ba7 39. f3 Bf2 40. g4 Kc7 41. Bd5 f6 42. Kb1 Kd6 43. Be4 h6 1/2-1/2

[Event "CAN-ch U20 2001"]
[Site "Montreal CAN"]
[Date "2001.01.05"]
[Round "5"]
[White "Beaudry, Lukas"]
[Black "Johnson, Kyle"]
[Result "1-0"]
[WhiteElo "1945"]
[BlackElo "1741"]
[PlyCount "83"]
[GameId "2160767911627195"]
[EventDate "2001.01.03"]
[EventType "swiss"]
[EventRounds "9"]
[EventCountry "CAN"]

1. e4 c5 2. Nf3 Nc6 3. d4 cxd4 4. Nxd4 e5 5. Nb5 d6 6. N1c3 a6 7. Na3 b5 8. Nd5 Be7 9. Be3 Rb8 10. c3 f5 11. exf5 Bxf5 12. c4 b4 13. Nb1 Nf6 14. Bd3 e4 15. Bc2 Ne5 16. Nxf6+ Bxf6 17. Qd5 Rc8 18. Nd2 Bg6 19. Qe6+ Kf8 20. Nxe4 Rxc4 21. Nxf6 Qxf6 22. Qxf6+ gxf6 23. Bb3 Rc7 24. O-O Ke7 25. f4 Nc6 26. Rfe1 Kd7 27. Bb6 Rb7 28. Be6+ Ke7 29. Bc8+ Kf7 30. Bxb7 Rb8 31. Bxc6 Rxb6 32. Be8+ Kg7 33. Bxg6 Kxg6 34. b3 a5 35. Rad1 Kf7 36. Rd5 Ra6 37. f5 a4 38. Re6 axb3 39. axb3 Ra3 40. Rexd6 Rxb3 41. Rd7+ Ke8 42. Rd8+ 1-0

[Event "CAN-ch U20 2001"]
[Site "Montreal CAN"]
[Date "2001.01.05"]
[Round "5"]
[White "Bluvshtein, Mark"]
[Black "Vaingorten, Yaaqov"]
[Result "1-0"]
[WhiteElo "2268"]
[BlackElo "2292"]
[PlyCount "113"]
[GameId "2160767911627196"]
[EventDate "2001.01.03"]
[EventType "swiss"]
[EventRounds "9"]
[EventCountry "CAN"]

1. e4 e6 2. d4 d5 3. Bd3 dxe4 4. Bxe4 Nf6 5. Bf3 c5 6. Ne2 Nc6 7. Be3 e5 8. Bxc6+ bxc6 9. c3 exd4 10. cxd4 cxd4 11. Qxd4 Qxd4 12. Bxd4 Be7 13. Nbc3 O-O 14. O-O c5 15. Be3 Bd7 16. Nf4 Bc6 17. Nd3 Rfc8 18. Rfd1 Ne4 19. Nxe4 Bxe4 20. Rac1 Bd5 21. b3 a5 22. Nxc5 Bc6 23. Nd7 Bxd7 24. Rxd7 Rxc1+ 25. Bxc1 Kf8 26. Be3 a4 27. bxa4 Rxa4 28. Ra7 Rxa7 29. Bxa7 Ke8 30. Bd4 g6 31. a4 Bb4 32. Kf1 Kd7 33. Ke2 Kc6 34. Kd3 Kd5 35. Bb6 Kc6 36. Be3 Kd5 37. h3 h5 38. Bb6 f5 39. f3 g5 40. a5 Kc6 41. Kc4 Bd2 42. Bd8 g4 43. a6 Bc1 44. a7 Kb7 45. Bb6 gxf3 46. gxf3 f4 47. Kd3 Ka8 48. Ke4 Bd2 49. Bd4 Kb7 50. Kf5 Be3 51. Bf6 Bxa7 52. Kg5 Kc6 53. Kxh5 Kd5 54. Kg6 Bd4 55. Bxd4 Kxd4 56. Kf5 Ke3 57. Kg4 1-0

[Event "CAN-ch U20 2001"]
[Site "Montreal CAN"]
[Date "2001.01.05"]
[Round "5"]
[White "Charbonneau, Anne-Marie"]
[Black "Haynes, Nicolas"]
[Result "0-1"]
[WhiteElo "1837"]
[BlackElo "1999"]
[PlyCount "66"]
[GameId "2160767911627197"]
[EventDate "2001.01.03"]
[EventType "swiss"]
[EventRounds "9"]
[EventCountry "CAN"]

1. d4 d5 2. c4 Nc6 3. cxd5 Qxd5 4. e3 e5 5. Nc3 Bb4 6. Bd2 Bxc3 7. Bxc3 exd4 8. exd4 Nf6 9. Nf3 Bg4 10. Be2 O-O 11. O-O Rad8 12. Qa4 a6 13. Rfe1 Rfe8 14. Bc4 Qd6 15. Ne5 Bh5 16. Nxc6 bxc6 17. f3 c5 18. d5 Rxe1+ 19. Rxe1 h6 20. Rd1 c6 21. Qxa6 Nxd5 22. Ba5 Rd7 23. Bb6 Qe7 24. Qc8+ Kh7 25. Qxc6 Nxb6 26. Rxd7 Nxd7 27. Bb5 Qe3+ 28. Kf1 Qc1+ 29. Kf2 Qxb2+ 30. Kg3 Qe5+ 31. Kf2 Qd4+ 32. Kg3 Ne5 33. Qb7 c4 0-1

[Event "CAN-ch U20 2001"]
[Site "Montreal CAN"]
[Date "2001.01.05"]
[Round "5"]
[White "Deveau, Justin"]
[Black "Candow, John"]
[Result "1-0"]
[WhiteElo "1534"]
[BlackElo "1422"]
[PlyCount "53"]
[GameId "2160767911627198"]
[EventDate "2001.01.03"]
[EventType "swiss"]
[EventRounds "9"]
[EventCountry "CAN"]

1. e4 b6 2. d4 Bb7 3. Nc3 e6 4. Nf3 Bb4 5. Bd3 Nf6 6. Qe2 h6 7. Bd2 c5 8. a3 cxd4 9. Nxd4 Be7 10. O-O O-O 11. Rad1 a6 12. Rfe1 d6 13. Be3 Nbd7 14. Nb3 Ne5 15. Bf4 Nxd3 16. Rxd3 d5 17. Red1 Qc8 18. exd5 Nxd5 19. Nxd5 Bxd5 20. Rg3 g5 21. h4 Bxb3 22. cxb3 f6 23. Rc1 Qb7 24. Qxe6+ Kh8 25. Rc7 gxf4 26. Rxb7 fxg3 27. Qxe7 1-0